| 000 | 00522nam a22001697a 4500 | ||
|---|---|---|---|
| 005 | 20251108171838.0 | ||
| 008 | 250721s1988 xx 000 0 ara d | ||
| 082 | 1 | 4 | _a616.994/شوا |
| 100 | 1 | _aشوارتز، مالكوم | |
| 245 | 1 | 0 |
_aالسرطان : _bماهو - أنواعه - محاربته / |
| 264 | 1 |
_aبيروت : _bالدار العربية للعلوم، _c1988. |
|
| 300 | _a199ص | ||
| 650 | 1 | 7 | _aالسرطان |
| 700 | 1 |
_aأبو سعد، عماد _eترجمة |
|
| 942 |
_2ddc _cBK |
||
| 999 |
_c64095 _d64095 |
||